000 00288nam a22001337a 4500
008 180119b xxu||||| |||| 00| 0 eng d
020 _a9780072565010
041 _aeng
080 _a7
100 _a44
101 _aart
245 _atradition encounters
_cjerry.h.b
942 _2udc
_cBK
999 _c40542
_d40542